Recognition: advancing ecumenical thinking

Saved in:  
Bibliographic Details
Main Author: Kelly, Gerard 1955- (Author)
Format: Print Book
Language:German
Subito Delivery Service: Order now.
Check availability: HBZ Gateway
WorldCat: WorldCat
Interlibrary Loan:Interlibrary Loan for the Fachinformationsdienste (Specialized Information Services in Germany)
Published: New York Berlin [u.a.] Lang 1996
In: American university studies / 7 (186)
Year: 1996
Series/Journal:American university studies / 7 186
Standardized Subjects / Keyword chains:B Ökumenischer Rat der Kirchen, Kommission für Glauben und Kirchenverfassung / Recommendation / Acknowledgment / Church / History 1910-1991
B Lima document / Acknowledgment / History
B Acknowledgment / Ecumenical theology / History
Online Access: Table of Contents

MARC

LEADER 00000cam a2200000 c 4500
001 1602864942
003 DE-627
005 20251225191417.0
007 tu
008 951110s1996 xx ||||| 00| ||ger c
015 |a 95,N36,0075  |2 dnb 
015 |a 96,A27,0306  |2 dnb 
016 7 |a 942700058  |2 DE-101 
020 |a 0820427802  |9 0-8204-2780-2 
035 |a (DE-627)1602864942 
035 |a (DE-576)04886367X 
035 |a (DE-599)DNB942700058 
035 |a (OCoLC)246685171 
035 |a (OCoLC)31607791 
040 |a DE-627  |b ger  |c DE-627  |e rakwb 
041 |a ger 
082 0 |a 262.0011 
082 0 |a 262/.001/1 
084 |a 12  |a 19  |2 sdnb 
084 |a 1  |2 ssgn 
084 |a 11.69  |2 bkl 
100 1 |0 (DE-588)1051362458  |0 (DE-627)786066709  |0 (DE-576)406403783  |4 aut  |a Kelly, Gerard  |d 1955- 
109 |a Kelly, Gerard 1955-  |a Kelly, Gerard Patrick 1955- 
245 1 0 |a Recognition  |b advancing ecumenical thinking  |c Gerard Kelly 
263 |a Erscheint: Oktober 1995 ; Gb. : ca. DM 67.00 (freier Pr.), ca. sfr 60.00 (freier Pr.) 
264 1 |a New York  |a Berlin [u.a.]  |b Lang  |c 1996 
300 |a 279 S. 
336 |a Text  |b txt  |2 rdacontent 
337 |a ohne Hilfsmittel zu benutzen  |b n  |2 rdamedia 
338 |a Band  |b nc  |2 rdacarrier 
490 1 |a American university studies  |a Series 7, Theology and religion  |v 186 
500 |a Literaturverz. S. 235 - 273 
583 1 |a Archivierung/Langzeitarchivierung gewährleistet  |f SSG  |x XA-DE-BW  |2 pdager  |5 DE-21 
689 0 0 |d b  |0 (DE-588)1015112-6  |0 (DE-627)769495435  |0 (DE-576)19121521X  |2 gnd  |a Ökumenischer Rat der Kirchen  |b Kommission für Glauben und Kirchenverfassung 
689 0 1 |d s  |0 (DE-588)4152095-6  |0 (DE-627)10554079X  |0 (DE-576)20979285X  |2 gnd  |a Empfehlung 
689 0 2 |d s  |0 (DE-588)4128520-7  |0 (DE-627)104370025  |0 (DE-576)209602775  |2 gnd  |a Anerkennung 
689 0 3 |d s  |0 (DE-588)4030702-5  |0 (DE-627)104731745  |0 (DE-576)208988742  |2 gnd  |a Kirche 
689 0 4 |q z  |2 gnd  |a Geschichte 1910-1991 
689 0 |5 DE-101 
689 1 0 |d u  |0 (DE-588)4126023-5  |0 (DE-627)105735531  |0 (DE-576)209581573  |a Lima-Erklärung  |2 gnd 
689 1 1 |d s  |0 (DE-588)4128520-7  |0 (DE-627)104370025  |0 (DE-576)209602775  |2 gnd  |a Anerkennung 
689 1 2 |q z  |2 gnd  |a Geschichte 
689 1 |5 DE-101 
689 2 0 |d s  |0 (DE-588)4128520-7  |0 (DE-627)104370025  |0 (DE-576)209602775  |2 gnd  |a Anerkennung 
689 2 1 |d s  |0 (DE-588)4172412-4  |0 (DE-627)105387401  |0 (DE-576)209943289  |2 gnd  |a Ökumenische Theologie 
689 2 2 |q z  |2 gnd  |a Geschichte 
689 2 |5 DE-101 
830 0 |a American university studies / 7  |v 186  |9 186  |w (DE-627)129642096  |w (DE-576)01209630X  |w (DE-600)252446-6  |x 0740-0446  |7 am 
856 4 2 |u http://d-nb.info/942700058/04  |m V:DE-605  |q application/pdf  |3 Inhaltsverzeichnis  |7 1 
889 |w (DE-627)271862548 
935 |a mteo 
935 |i mdedup 
936 b k |a 11.69  |j Systematische Theologie: Sonstiges  |q coli-conc NSK->BK  |q https://coli-conc.gbv.de/api/mappings/05b694e4-d621-4103-b28f-b72676b10b85  |0 (DE-627)106419706 
951 |a BO 
ELC |b 1 
ITA |a 1  |t 1 
LOK |0 000 xxxxxcx a22 zn 4500 
LOK |0 001 3088624415 
LOK |0 003 DE-627 
LOK |0 004 1602864942 
LOK |0 005 19960917000000 
LOK |0 008 960625||||||||||||||||ger||||||| 
LOK |0 040   |a DE-21  |c DE-627  |d DE-21 
LOK |0 852   |a DE-21 
LOK |0 852 1  |c 36 A 7479  |9 00 
LOK |0 935   |a theo 
LOK |0 936ln  |a t9 
LOK |0 939   |a 25-06-96  |b l01 
LOK |0 000 xxxxxcx a22 zn 4500 
LOK |0 001 3088624520 
LOK |0 003 DE-627 
LOK |0 004 1602864942 
LOK |0 005 20100408165446 
LOK |0 008 980427||||||||||||||||ger||||||| 
LOK |0 040   |a DE-21-35  |c DE-627  |d DE-21-35 
LOK |0 541   |e 98/753 
LOK |0 852   |a DE-21-35 
LOK |0 852 1  |c Oi 97.0  |m p  |9 00 
LOK |0 938   |k p 
LOK |0 939   |a 27-04-98  |b l01 
ORI |a SA-MARC-ixtheoa001.raw 
REF |a Theologiegeschichte 
STA 0 0 |a Acknowledgment,Recognition,Church,Church,Church,Church in literature,Ecumenical theology,Ecumenics,Interconfessional theological dialog,History,History,History in art,Lima document,Baptism, Eucharist and Ministry,BEM,Recommendation 
STB 0 0 |a Conseil,Recommandation,Recommandation,Histoire,Histoire,Histoire,Reconnaissance,Théologie œcuménique,Église,Église 
STC 0 0 |a Historia,Historia,Historia,Iglesia,Iglesia,Recomendación,Reconocimiento,Teología ecuménica 
STD 0 0 |a Chiesa,Chiesa,Consiglio,Raccomandazione,Raccomandazione,Riconoscimento,Storia,Storia,Teologia ecumenica 
STE 0 0 |a 历史,史,承认,教会,教会,普世合一神学 
STF 0 0 |a 承認,教會,教會,普世合一神學,歷史,史 
STG 0 0 |a História,História,Igreja,Igreja,Recomendação,Reconhecimento,Teologia ecumênica 
STH 0 0 |a История (мотив),История,Признание,Совет,Церковь (мотив),Церковь,Экуменическое богословие 
STI 0 0 |a Αναγνώριση,Εκκλησία (μοτίβο),Εκκλησία,Ιστορία (μοτίβο),Ιστορία,Οικουμενική θεολογία,Σύσταση,Πρόταση 
SYG 0 0 |a Ökumenischer Rat der Kirchen,Commission on Faith and Order,Ökumenischer Rat der Kirchen,Faith and Order Commission,ÖRK-Kommission für Glauben und Kirchenverfassung,World Council of Churches, Commission on Faith and Order,Ökumenischer Rat der Kirchen,Studienabteilung,Kommission für Glauben und Kirchenverfassung,Ökumenischer Rat der Kirchen,Programmeinheit Glauben und Zeugnis,Kommission für Glauben und Kirchenverfassung,Ökumenischer Rat der Kirchen,Programmeinheit Einheit und Erneuerung,Kommission für Glauben und Kirchenverfassung,World Council of Churches, Study Department, Commission on Faith and Order,World Council of Churches, Division of Studies, Commission on Faith and Order,World Council of Churches, Programme Unit on Faith and Witness, Commission on Faith and Order,World Council of Churches, Programme Unit on Unity and Renewal, Commission on Faith and Order,Ökumenischer Rat der Kirchen,Referat für Glauben und Kirchenverfassung,Komm. für Glauben u. Kirchenverfassung,Ref. f. Glauben u. Kirchenverfassung, Ökumen. Rat d. Kichen,Ökumenischer Rat der Kirchen,Commission de Foi et constitution,Commission de Foi et constitution du Conseil œcuménique des Églises,Comisión de Fe y Constitución del Consejo Mundial de Iglesias,Ökumenischer Rat der Kirchen,Comisión de Fe y Constitución,Ökumenischer Rat der Kirchen,Komissija very i cerkovnogo ustrojstva , Church,Christliche Kirche,Christliche Kirche,Ekklesia , Rosenberg-Kirche,Notre-Dame-de-l'Assomption,Ste-Trinité,Sainte-Trinité , Konvergenz-Erklärung über das Verständnis von Taufe, Eucharistie und Amt,Ökumenischer Rat der Kirchen,Konvergenzerklärungen über Taufe, Eucharistie und Amt,Taufe, Eucharistie und Amt,Lima-Papier,Lima-Dokument , History,Geschichtliche Epoche,Historical development,Historische Entwicklung,Landesgeschichte,Regionalgeschichte,Ortsgeschichte,Zeitgeschichte , Ökumenik , History,Geschichtliche Epoche,Historical development,Historische Entwicklung,Landesgeschichte,Regionalgeschichte,Ortsgeschichte,Zeitgeschichte 
TIM |a 100019100101_100019911231  |b Geschichte 1910-1991